000 01316nam a2200349 a 4500
001 000044160
003 DO-SdBPM
005 20250513090202.0
007 ta
008 140602s2003 dr 000 0 spa d
020 _a9993403911
040 _aDO-SdBPM
_bspa
_cBPMSU
_erda
082 4 _a320.97293054
_bG261o 2003
_222
100 1 _aGatón Arce, Freddy
_41920-1994
_eautor
245 1 0 _aOpinión editorial :
_bEl Nacional 1966-1974 /
_cFreddy Gatón Arce ; recopilación y notas Andrés Blanco Díaz.
246 1 3 _aEl Nacional 1966-1974
264 _aSanto Domingo :
_bFundación Corripio,
_c2003
300 _av. (797) p. ;
_c24 cm.
336 _atexto
_b txt
_2rdacontent
337 _asin mediación
_bbn
_2rdamedia
338 _aotro
_bnz
_2 rdacarrier
490 0 _aPrisma,
_v10
505 0 _av. 1 : sept. 1976-jun. 1968 -- v. 2 : Jul.1968- dic.1969.
590 _aInventariado, 2025/VM
651 7 _aRepública Dominicana
_xPolítica y gobierno
_y1966-1974
_xArtículos periodísticos.
651 7 _aRepública Dominicana
_xHistoria
_xArtículos periodísticos.
_y1966-1974
700 1 _aBlanco Díaz, Andrés
_4compilador
710 1 _aRepública Dominicana.
_bFundación Corripio
730 _aEl Nacional. República Dominicana
910 _aVMateo V. Control de calidad. BPMSU
942 _2ddc
_cBK
999 _c7563
_d7563